000 00266nam a2200109Ia 4500
008 231212s1986 xx 000 0 und d
041 _aeng
082 _a660.283
100 _aSams H.W.
245 _aInstrumentation Training course
260 _aBoston
_bGulf Pu
_c1986
999 _c959776
_d959776